000 00776nam a2200217 i 4500
001 46084
003 ES-MaACL
005 20250828084000.0
007 t|
008 030327s1948 sz ||||1| fre d
111 2 _aConférence Internationale de l'Instruction Publique (
_n11ª.
_d1948.
_cGinebra)
_9145
245 1 2 _aL'enseignement de l'écriture.
260 _aGenève, ect. :
_b[s.n.,
_c1948]
300 _a126 p. ;
_c24 cm.
490 1 _aPublications du Bureau International d'Education ;
_v102
500 _aPrecede al tít.: Bureau International d'Education.
710 2 0 _aOficina Internacional de Educación
_96022
830 0 _aPublications du Bureau International d'Education ;
_v102
_9181740
852 _aES-MaACL
_jC-5422
_bR.26092
999 _c46084
_d46084